Rada Liderów Konfederacji - Statystyki

Ogólne statystyki
  • Ten quiz został rozwiązany 8 razy
  • Średni wynik to 5 z 12
Statystyki odpowiedzi
Członek Rady Liderów Partia % Poprawnych
Krzysztof Bosak Ruch Narodowy
100%
Konrad Berkowicz Nowa Nadzieja
88%
Witold Tumanowicz Ruch Narodowy, Partia Konserwatywna
63%
Anna Bryłka Ruch Narodowy
50%
Marcin Sypniewski Nowa Nadzieja
50%
Stanisław Tyszka Nowa Nadzieja
50%
Bartłomiej Pejo Nowa Nadzieja
25%
Bartosz Bocheńczak Nowa Nadzieja
25%
Grzegorz Płaczek Nowa Nadzieja
25%
Krzysztof Tuduj Ruch Narodowy
25%
Paweł Usiądek Ruch Narodowy
25%
Marek Szewczyk Ruch Narodowy, Partia Konserwatywna
0%
Nie znaleziono quizów pasujących do podanych kryteriów
Rozkład punktacji
Procent ludzi z każdym wynikiem
Percentyl według liczby udzielonych odpowiedzi
Twoja historia wyników
Nie rozwiązałeś tego quizu